| 000 | 01096cad a22002295a 4500 | ||
|---|---|---|---|
| 001 | L147282 | ||
| 008 | 090424s2009 xxkd f s 000 0 eng d | ||
| 035 | _a(Sirsi) u147282 | ||
| 041 | 0 | _aeng | |
| 050 | 0 | 4 | _a346.4172 $2 18 |
| 110 | 2 |
_aRoyal Institution of Chartered Surveyors _bEconomics _95033 |
|
| 245 | 0 | 0 |
_aRICS Arts and antiques market survey _bfirst quarter 2009 _h[electronic resource] |
| 260 |
_aLondon _RICS _c2009 |
||
| 490 | 0 |
_aRICS Arts and Antiques Market Survey _vFirst Quarter 2009 |
|
| 520 | _aSuggests that the arts and antiques market witnessed a dramatic turnaround during Q1 with the All Lot net price balance rebounding from -32 in Q4 to 19. This swing in Q1 was evident across all sectors of the market, although it was stronger in the lower price categories. | ||
| 590 | _aKA | ||
| 650 | 2 | 4 | _aRICS ARTS AND ANTIQUES MARKET SURVEY |
| 651 | 4 |
_aUnited Kingdom _y |
|
| 690 |
_aArts and antiques _96217 |
||
| 856 | 4 | 0 |
_uhttps://www.rics.org/site/scripts/documents_info.aspx?documentID=41&pageNumber=4 _zView the market survey free of charge at www.rics.org... |
| 942 | _n0 | ||
| 999 |
_c109504 _d109504 |
||